[Event "ESP-ch U16 rapid"]
[Site "Salobrena"]
[Date "2023.07.30"]
[Round "5"]
[White "Munoz Valles, Jorge"]
[Black "Serrahima Susany, Ramon"]
[Result "0-1"]
[WhiteElo "1647"]
[BlackElo "1841"]
[PlyCount "48"]
[EventDate "2023.07.29"]
[EventType "swiss (rapid)"]
[EventRounds "9"]
[EventCountry "ESP"]
[SourceTitle "EXT 2024"]
[Source "ChessBase"]
[SourceDate "2023.10.10"]
[SourceVersion "1"]
[SourceVersionDate "2023.10.10"]
[SourceQuality "1"]

1. d4 d5 2. c4 e6 3. Nc3 c5 4. cxd5 cxd4 5. Qa4+ Bd7 6. Qxd4 exd5 7. Qxd5 Nf6 8. Qd1 Bc5 9. Nf3 0-0 10. Bg5 Qb6 11. Bxf6 Bxf2+ 12. Kd2 Qe3+ 13. Kc2 Bf5+ 14. Kb3 Qb6+ 15. Nb5 Qxb5+ 16. Kc3 Rc8+ 17. Kd2 gxf6 18. Qb3 Rd8+ 19. Kc3 Qc5+ 20. Qc4 Qe3+ 21. Kb4 Nc6+ 22. Ka4 b5+ 23. Qxb5 Rab8 24. Qc4 Rb4+ 0-1

[Event "Aragon-chT Preferente Gr II"]
[Site "Aragon"]
[Date "2023.03.25"]
[Round "9.61"]
[White "Munoz Valles, Jorge"]
[Black "Solanas Esteban, Hector"]
[Result "1-0"]
[WhiteElo "1838"]
[BlackElo "1666"]
[PlyCount "50"]
[EventDate "2023.01.28"]
[EventType "team-tourn"]
[EventRounds "9"]
[EventCountry "ESP"]
[SourceTitle "EXT 2024"]
[Source "ChessBase"]
[SourceDate "2023.10.10"]
[SourceVersion "1"]
[SourceVersionDate "2023.10.10"]
[SourceQuality "1"]
[WhiteTeam "El Olivar II"]
[BlackTeam "Tauste"]
[WhiteTeamCountry "ESP"]
[BlackTeamCountry "ESP"]

1. d4 d5 2. c4 e6 3. Nc3 Nf6 4. cxd5 exd5 5. Bg5 Be7 6. e3 0-0 7. Qc2 h6 8. Bh4 c6 9. Bd3 Re8 10. Nf3 Ne4 11. Bxe7 Qxe7 12. 0-0 Bf5 13. Ne5 Nd7 14. Nxd7 Qxd7 15. f3 Nd6 16. Rae1 Bxd3 17. Qxd3 Rad8 18. e4 dxe4 19. fxe4 Nc8 20. d5 Nb6 21. Rd1 cxd5 22. exd5 Re5 23. Rfe1 Rxe1+ 24. Rxe1 Nxd5 25. Nxd5 Qxd5 1-0

[Event "ESP-ch U16"]
[Site "Salobrena"]
[Date "2022.07.25"]
[Round "2"]
[White "Bernado Lopez, Roger"]
[Black "Munoz Valles, Jorge"]
[Result "1-0"]
[WhiteElo "2315"]
[BlackElo "1911"]
[PlyCount "115"]
[EventDate "2022.07.25"]
[EventType "swiss"]
[EventRounds "9"]
[EventCountry "ESP"]
[SourceTitle "EXT 2023"]
[Source "ChessBase"]
[SourceDate "2022.10.05"]
[SourceVersion "1"]
[SourceVersionDate "2022.10.05"]
[SourceQuality "1"]

1. d4 Nf6 2. c4 g6 3. g3 Bg7 4. Bg2 d6 5. Nc3 0-0 6. Nf3 c6 7. 0-0 Nbd7 8. e4 e5 9. h3 Qb6 10. c5 dxc5 11. dxe5 Ne8 12. e6 fxe6 13. Ng5 Ne5 14. f4 Nf7 15. Nxf7 Rxf7 16. e5 c4+ 17. Kh2 Nc7 18. Ne4 Bf8 19. h4 Nd5 20. h5 Be7 21. Qc2 Bd7 22. Qxc4 Raf8 23. h6 Bc8 24. b3 Rd8 25. Nf2 Bf8 26. Ng4 Ne7 27. Ba3 Nf5 28. Bxf8 Rfxf8 29. Rad1 Kf7 30. Qe2 Rd4 31. Be4 Rfd8 32. Bxf5 exf5 33. Nf6 Qa5 34. Rxd4 Rxd4 35. Rf2 Be6 36. Nxh7 Qd5 37. Nf6 Qd8 38. h7 Kg7 39. Qf1 Rd1 40. Qh3 Kh8 41. Qh6 Bd5 42. Kh3 Rh1+ 43. Rh2 Rxh2+ 44. Kxh2 Bh1 45. Kh3 Bd5 46. Qxg6 Be6 47. Qg8+ Bxg8 48. hxg8Q+ Qxg8 49. Nxg8 Kxg8 50. g4 c5 51. gxf5 b5 52. Kg4 a5 53. Kf3 b4 54. Ke2 c4 55. bxc4 a4 56. Kd2 b3 57. axb3 a3 58. Kc1 1-0

[Event "ESP-ch U14"]
[Site "Salobrena"]
[Date "2021.07.15"]
[Round "6"]
[White "Munoz Valles, Jorge"]
[Black "Carrasco Gomez, Adahara"]
[Result "1-0"]
[WhiteElo "1750"]
[BlackElo "1544"]
[PlyCount "59"]
[EventDate "2021.07.12"]
[EventType "swiss"]
[EventRounds "9"]
[EventCountry "ESP"]
[SourceTitle "EXT 2022"]
[Source "ChessBase"]
[SourceDate "2021.10.06"]
[SourceVersion "1"]
[SourceVersionDate "2021.10.06"]
[SourceQuality "1"]

1. d4 Nf6 2. c4 e5 3. dxe5 Ne4 4. Nf3 Nc6 5. a3 d6 6. exd6 Bxd6 7. e3 Qf6 8. Nbd2 Nc5 9. Nb3 Ne6 10. Be2 Bd7 11. Qc2 a5 12. Bd2 a4 13. Nc1 Nc5 14. Bc3 Qh6 15. Nd3 Bf5 16. Nd4 Nxd4 17. Bxd4 Nb3 18. Rd1 Nxd4 19. exd4 Qg6 20. Bf3 c6 21. Qe2+ Be7 22. Ne5 Qd6 23. c5 Qf6 24. d5 cxd5 25. Bxd5 0-0-0 26. 0-0 Bxc5 27. Qb5 b6 28. Qa6+ Kc7 29. Qb7+ Kd6 30. Nc4# 1-0

[Event "ESP-ch U14"]
[Site "Salobrena"]
[Date "2021.07.14"]
[Round "5"]
[White "Moreno Diepa, Diego"]
[Black "Munoz Valles, Jorge"]
[Result "1-0"]
[WhiteElo "1938"]
[BlackElo "1750"]
[PlyCount "69"]
[EventDate "2021.07.12"]
[EventType "swiss"]
[EventRounds "9"]
[EventCountry "ESP"]
[SourceTitle "EXT 2022"]
[Source "ChessBase"]
[SourceDate "2021.10.06"]
[SourceVersion "1"]
[SourceVersionDate "2021.10.06"]
[SourceQuality "1"]

1. e4 d6 2. d4 Nf6 3. Nc3 e5 4. Nge2 Nbd7 5. h3 c6 6. g4 h6 7. Bg2 Be7 8. 0-0 b5 9. Ng3 g6 10. Nce2 h5 11. g5 Nh7 12. h4 Bb7 13. f4 exf4 14. Nxf4 Qb6 15. a4 a6 16. axb5 axb5 17. Rxa8+ Bxa8 18. c3 Bb7 19. Kh1 c5 20. Be3 Bxg5 21. hxg5 h4 22. Nge2 Nxg5 23. Nd5 Bxd5 24. exd5 Nh7 25. Nf4 Nhf6 26. Qe1 c4 27. Nxg6 fxg6 28. Bg5+ Kd8 29. Rxf6 Kc8 30. Bh3 b4 31. Rf7 bxc3 32. Qxc3 Kb8 33. Rxd7 Qb5 34. Bf4 Qxd5+ 35. Bg2 1-0

[Event "ESP-ch U14"]
[Site "Salobrena"]
[Date "2021.07.12"]
[Round "2"]
[White "Munoz Valles, Jorge"]
[Black "Sierra Pena, Mario"]
[Result "1-0"]
[WhiteElo "1750"]
[BlackElo "1376"]
[PlyCount "81"]
[EventDate "2021.07.12"]
[EventType "swiss"]
[EventRounds "9"]
[EventCountry "ESP"]
[SourceTitle "EXT 2022"]
[Source "ChessBase"]
[SourceDate "2021.10.06"]
[SourceVersion "1"]
[SourceVersionDate "2021.10.06"]
[SourceQuality "1"]

1. d4 d5 2. c4 e6 3. Nc3 Nf6 4. cxd5 Nxd5 5. e4 Nxc3 6. bxc3 c5 7. Bd3 cxd4 8. cxd4 Bb4+ 9. Kf1 0-0 10. e5 Nd7 11. Nf3 h6 12. g3 Nb6 13. Rb1 Nd5 14. Bc2 h5 15. Nh4 g6 16. Qd3 f5 17. Nxg6 Rf7 18. Qf3 Rh7 19. Bb3 Nc3 20. Rb2 Qxd4 21. Qxf5 Rf7 22. Be3 Qd1+ 23. Bxd1 Rxf5 24. Rxb4 Nxd1 25. Ne7+ Kf7 26. Nxf5 exf5 27. Bd2 f4 28. Ke2 Bg4+ 29. f3 Ne3 30. Bxe3 Bxf3+ 31. Kxf3 fxe3 32. Rxb7+ Ke6 33. Rb5 Rc8 34. Kxe3 Rc3+ 35. Kf4 h4 36. Rd1 hxg3 37. Rd6+ Ke7 38. Rb7+ Ke8 39. Rh6 Rf3+ 40. Kxf3 g2 41. Rh8# 1-0

[Event "ESP-chT Regional U14"]
[Site "Gijon"]
[Date "2021.06.19"]
[Round "4.1"]
[White "Tabuenca Mendataurigoitia, Daniel"]
[Black "Munoz Valles, Jorge"]
[Result "1-0"]
[WhiteElo "1858"]
[BlackElo "1668"]
[PlyCount "37"]
[EventDate "2021.06.17"]
[EventType "team-swiss"]
[EventRounds "6"]
[EventCountry "ESP"]
[SourceTitle "EXT 2022"]
[Source "ChessBase"]
[SourceDate "2021.10.06"]
[SourceVersion "1"]
[SourceVersionDate "2021.10.06"]
[SourceQuality "1"]
[WhiteTeam "Cantabria U14"]
[BlackTeam "Aragon U14"]
[WhiteTeamCountry "ESP"]
[BlackTeamCountry "ESP"]

1. e4 d6 2. d4 Nf6 3. Nc3 e5 4. Nge2 Nbd7 5. h3 c6 6. g4 exd4 7. Nxd4 Nc5 8. Bg2 h6 9. 0-0 Be7 10. b3 Qc7 11. a4 b6 12. e5 Nfd7 13. Bxc6 Bb7 14. Ncb5 Qc8 15. exd6 Bxc6 16. Nc7+ Kf8 17. dxe7+ Kxe7 18. Nxc6+ Kf8 19. Qd6+ 1-0

[Event "ESP-chT Regional U14"]
[Site "Gijon"]
[Date "2021.06.17"]
[Round "1.1"]
[White "Munoz Valles, Jorge"]
[Black "Valle Luis, Leo"]
[Result "1-0"]
[WhiteElo "1668"]
[BlackElo "1798"]
[PlyCount "123"]
[EventDate "2021.06.17"]
[EventType "team-swiss"]
[EventRounds "6"]
[EventCountry "ESP"]
[SourceTitle "EXT 2022"]
[Source "ChessBase"]
[SourceDate "2021.10.06"]
[SourceVersion "1"]
[SourceVersionDate "2021.10.06"]
[SourceQuality "1"]
[WhiteTeam "Aragon U14"]
[BlackTeam "Catalunya U14"]
[WhiteTeamCountry "ESP"]
[BlackTeamCountry "ESP"]

1. d4 Nf6 2. c4 g6 3. Nc3 Bg7 4. e4 d6 5. Nf3 0-0 6. Be2 Nbd7 7. 0-0 e5 8. d5 a5 9. Ne1 Nc5 10. f3 Nfd7 11. Be3 f5 12. Nd3 Nxd3 13. Qxd3 f4 14. Bf2 Qg5 15. Kh1 Nf6 16. c5 Nh5 17. Qd2 Bh6 18. cxd6 cxd6 19. Nb5 Qf6 20. Nc7 Bd7 21. Nxa8 Rxa8 22. a4 Bg5 23. Rfb1 Ng3+ 24. Kg1 Nxe4 25. fxe4 f3 26. Qd3 fxe2 27. Qxe2 Rc8 28. b4 axb4 29. Rxb4 Rf8 30. Rxb7 Bg4 31. Qc2 Rc8 32. Rc7 Ra8 33. h3 Bf5 34. exf5 e4 35. Qc3 Qxc3 36. Rxc3 Bf6 37. Rca3 Bxa1 38. Rxa1 gxf5 39. a5 Ra6 40. Be1 Kf7 41. Rb1 Ke7 42. Rb7+ Kf6 43. Bc3+ Kg5 44. Rb6 Ra7 45. Rxd6 Kf4 46. a6 Ke3 47. Rc6 f4 48. Be5 Rd7 49. d6 f3 50. Rc7 Ke2 51. Rc2+ Kd3 52. Ra2 e3 53. gxf3 Rf7 54. f4 Ra7 55. Kg2 Ke4 56. Ra4+ Kd3 57. Kf3 e2 58. Ra3+ Kd2 59. Bc3+ Kd1 60. Ra1+ Kc2 61. Be1 Kb2 62. Ra5 1-0

[Event "Aragon-chT Preferente"]
[Site "Aragon"]
[Date "2021.04.10"]
[Round "4.44"]
[White "Munoz Valles, Jorge"]
[Black "Aso Miranda, Carlos"]
[Result "1-0"]
[WhiteElo "1668"]
[BlackElo "1675"]
[PlyCount "159"]
[EventDate "2021.03.13"]
[EventType "team-tourn"]
[EventRounds "9"]
[EventCountry "ESP"]
[SourceTitle "EXT 2024"]
[Source "ChessBase"]
[SourceDate "2023.10.10"]
[SourceVersion "1"]
[SourceVersionDate "2023.10.10"]
[SourceQuality "1"]
[WhiteTeam "El Olivar II"]
[BlackTeam "Casablanca MyInvestor II"]
[WhiteTeamCountry "ESP"]
[BlackTeamCountry "ESP"]

1. d4 Nf6 2. c4 e6 3. Nc3 c5 4. d5 exd5 5. cxd5 d6 6. e4 g6 7. Bf4 Nh5 8. Bd2 Bg7 9. Be2 Nf6 10. Nf3 0-0 11. 0-0 Re8 12. Bd3 Na6 13. a3 Nc7 14. Rb1 b5 15. Nxb5 Nxb5 16. Bxb5 Rxe4 17. b4 cxb4 18. Rxb4 Rxb4 19. Bxb4 Bb7 20. Bc6 Rb8 21. Qd4 a5 22. Bc3 Qc7 23. Rc1 Bxc6 24. dxc6 Qxc6 25. Qd1 Qb6 26. Nd2 Rc8 27. Rb1 Qc5 28. Bb2 Qc2 29. Qe1 Re8 30. Qd1 Qxd1+ 31. Rxd1 Ne4 32. Bxg7 Kxg7 33. Nc4 a4 34. f3 Nc3 35. Rxd6 Re1+ 36. Kf2 Re2+ 37. Kf1 Ra2 38. Ra6 Kf8 39. Ra7 h5 40. h4 f5 41. Kg1 f4 42. Ne5 Rxa3 43. Nxg6+ Kg8 44. Nxf4 Ra1+ 45. Kh2 a3 46. Nd3 a2 47. Nb4 Kf8 48. Ra3 Rb1 49. Nxa2 Nxa2 50. Rxa2 Kg7 51. Ra6 Rb4 52. Kh3 Kh7 53. Ra3 Kg6 54. g4 Rf4 55. Kg3 Rf6 56. Ra5 hxg4 57. fxg4 Rb6 58. h5+ Kh6 59. Kh4 Kg7 60. Ra4 Rb5 61. g5 Rc5 62. Ra7+ Kg8 63. h6 Rc4+ 64. Kh5 Rc5 65. h7+ Kh8 66. Ra8+ Kxh7 67. Ra7+ Kg8 68. Kh6 Rc1 69. Ra6 Rh1+ 70. Kg6 Kf8 71. Ra8+ Ke7 72. Kg7 Ke6 73. Ra7 Rg1 74. g6 Rg2 75. Kh7 Rh2+ 76. Kg8 Kf6 77. g7 Rd2 78. Ra6+ Ke7 79. Kh7 Rh2+ 80. Rh6 1-0

[Event "Aragon-chT Preferente Gr-II"]
[Site "Aragon"]
[Date "2020.01.25"]
[Round "1.56"]
[White "Munoz Valles, Jorge"]
[Black "Lorente Melcon, Nicolas"]
[Result "1-0"]
[WhiteElo "1636"]
[BlackElo "1673"]
[PlyCount "93"]
[EventDate "2020.01.25"]
[EventType "team-tourn"]
[EventRounds "9"]
[EventCountry "ESP"]
[SourceTitle "EXT 2022"]
[Source "ChessBase"]
[SourceDate "2021.10.06"]
[SourceVersion "1"]
[SourceVersionDate "2021.10.06"]
[SourceQuality "1"]
[WhiteTeam "El Olivar II"]
[BlackTeam "Helios II"]
[WhiteTeamCountry "ESP"]
[BlackTeamCountry "ESP"]

1. d4 Nf6 2. c4 c5 3. d5 d6 4. Nc3 g6 5. e4 Bg7 6. Nf3 0-0 7. Be2 e6 8. 0-0 exd5 9. exd5 Re8 10. Bd3 Bg4 11. h3 Bxf3 12. Qxf3 Nbd7 13. Bf4 Ne5 14. Qd1 Nh5 15. Bh2 Qh4 16. Nb5 Rad8 17. Rb1 a6 18. Na3 b6 19. Re1 Re7 20. Bf1 Rde8 21. g3 Qf6 22. Re3 Bh6 23. Rb3 Nd7 24. Nc2 Ng7 25. Rf3 Qg5 26. g4 Ne5 27. Ra3 f5 28. f4 Qh4 29. Bg3 Qf6 30. fxe5 dxe5 31. Rxa6 e4 32. d6 Rd7 33. Rxb6 f4 34. Qd5+ Kh8 35. Be1 f3 36. Qxc5 e3 37. Qd4 Qf8 38. Bh4 e2 39. g5 Bxg5 40. Bxg5 Qf5 41. Bh4 Qxc2 42. Bxe2 Qxb1+ 43. Qd1 Qxd1+ 44. Bxd1 g5 45. Bf2 Red8 46. c5 h5 47. Bxf3 1-0

[Event "Aragon-chT Preferente Gr-II"]
[Site "Aragon"]
[Date "2019.03.23"]
[Round "9.68"]
[White "Munoz Valles, Jorge"]
[Black "Moya Gimeno, Raul"]
[Result "0-1"]
[WhiteElo "1441"]
[BlackElo "1710"]
[PlyCount "92"]
[EventDate "2019.01.26"]
[EventType "team-tourn"]
[EventRounds "9"]
[EventCountry "ESP"]
[SourceTitle "EXT 2020"]
[Source "ChessBase"]
[SourceDate "2019.10.17"]
[SourceVersion "1"]
[SourceVersionDate "2019.10.17"]
[SourceQuality "1"]
[WhiteTeam "El Olivar II"]
[BlackTeam "Marcos Frechin II"]
[WhiteTeamCountry "ESP"]
[BlackTeamCountry "ESP"]

1. d4 Nf6 2. c4 g6 3. Nc3 Bg7 4. e4 d6 5. Nf3 0-0 6. Be2 e5 7. 0-0 Nc6 8. d5 Ne7 9. Ne1 Ne8 10. Be3 f5 11. f3 f4 12. Bf2 g5 13. Nd3 Nf6 14. Rc1 Rf7 15. b4 Ng6 16. c5 h5 17. Qc2 g4 18. cxd6 cxd6 19. Nb5 g3 20. hxg3 fxg3 21. Bxg3 Ne8 22. Nxa7 Rc7 23. Nc6 bxc6 24. dxc6 Be6 25. a4 Bh6 26. f4 exf4 27. Bxf4 Nxf4 28. Nxf4 Qh4 29. Bc4 Bxf4 30. Bxe6+ Kh8 31. Qc3+ Rg7 32. Qh3 Qxh3 33. Bxh3 Bxc1 34. Rxc1 Rxa4 35. Bd7 Nc7 36. b5 Rb4 37. Kf2 Rxb5 38. Rc2 Rbg5 39. g4 hxg4 40. Kg3 Re5 41. Rc4 Rc5 42. Rxc5 dxc5 43. e5 Kg8 44. Kf4 g3 45. Bh3 g2 46. Bxg2 Rxg2 0-1

[Event "Aragon-chT Preferente Gr-II"]
[Site "Aragon"]
[Date "2019.02.09"]
[Round "3.56"]
[White "Barbe Pozas, Saturnino"]
[Black "Munoz Valles, Jorge"]
[Result "1-0"]
[WhiteElo "1683"]
[BlackElo "1441"]
[PlyCount "125"]
[EventDate "2019.01.26"]
[EventType "team-tourn"]
[EventRounds "9"]
[EventCountry "ESP"]
[SourceTitle "EXT 2020"]
[Source "ChessBase"]
[SourceDate "2019.10.17"]
[SourceVersion "1"]
[SourceVersionDate "2019.10.17"]
[SourceQuality "1"]
[WhiteTeam "Fraga"]
[BlackTeam "El Olivar II"]
[WhiteTeamCountry "ESP"]
[BlackTeamCountry "ESP"]

1. d4 Nf6 2. Nd2 g6 3. e4 d6 4. Ngf3 Nbd7 5. Bd3 e5 6. d5 Bg7 7. 0-0 0-0 8. Nb3 c6 9. c4 Qc7 10. Bd2 b6 11. a4 Ba6 12. Rc1 Qb7 13. Bb4 Nc5 14. Bxc5 dxc5 15. Nxe5 Nxd5 16. Nxc6 Qxc6 17. exd5 Qxa4 18. Ra1 Qd7 19. Rxa6 Bxb2 20. Qc2 Bg7 21. Re1 Qb7 22. Qa2 Rfd8 23. Qa4 Bf8 24. Nd2 b5 25. Qxb5 Qxb5 26. cxb5 Rxd5 27. Be4 Re8 28. Bxd5 Rxe1+ 29. Nf1 Rd1 30. Bc6 c4 31. Rxa7 Bc5 32. Ra2 Rc1 33. Be4 Re1 34. Bf3 c3 35. Rc2 Bd4 36. g3 Rb1 37. Be2 Kf8 38. Kg2 f5 39. Ne3 Ke8 40. Nd5 Rb3 41. Bc4 Ra3 42. Kf3 Ra4 43. Bd3 Ra3 44. Ke2 Kd7 45. Bc4 Kd6 46. Kd3 Kc5 47. Nxc3 Bg7 48. Bg8 Kb4 49. Rb2+ Kc5 50. Rb3 Rxb3 51. Bxb3 Kb4 52. Nd5+ Kxb3 53. b6 Be5 54. Ne7 Bd6 55. b7 f4 56. Nc6 fxg3 57. hxg3 h5 58. b8Q+ Bxb8 59. Nxb8 g5 60. Ke4 Kc4 61. Kf5 h4 62. gxh4 gxh4 63. Kg4 1-0